000 00358nam a2200157Ia 4500
003 Ost
005 20260225132559.0
008 260225s9999||||xx |||||||||||||| ||und||
040 _cfsic
041 _afre
082 _a306.44
100 _aXAVIER TERNISIEN
_eAuteur
245 0 _aLOS HERMANOS MUSULMANES /
245 0 _cXAVIER TERNISIEN
942 _cكتاب
999 _c34666
_d34666